Порівняння зоофразеологізмів в англійській та українській мовах (на матеріалі творів О Генрі) (Запис № 283126)
[ простий вигляд ]
| 000 -LEADER | |
|---|---|
| fixed length control field | 01836nam a22001577a 4500 |
| 041 ## - LANGUAGE CODE | |
| Language code of text/sound track or separate title | ukr |
| 080 ## - UNIVERSAL DECIMAL CLASSIFICATION NUMBER | |
| Universal Decimal Classification number | 09 |
| 090 ## - LOCALLY ASSIGNED LC-TYPE CALL NUMBER (OCLC); LOCAL CALL NUMBER (OCLC) | |
| Local cutter number (OCLC) ; Book number/undivided call number, CALL (RLIN) | ПЕТ |
| 100 ## - MAIN ENTRY--PERSONAL NAME | |
| Personal name | Петришин Н. З. |
| 245 ## - TITLE STATEMENT | |
| Title | Порівняння зоофразеологізмів в англійській та українській мовах (на матеріалі творів О Генрі) |
| 260 ## - PUBLICATION, DISTRIBUTION, ETC. (IMPRINT) | |
| Place of publication, distribution, etc | Острог |
| Name of publisher, distributor, etc | КАФ |
| Date of publication, distribution, etc | 2005 |
| 300 ## - PHYSICAL DESCRIPTION | |
| Extent | 54 |
| 520 ## - SUMMARY, ETC. | |
| Summary, etc | Розділ 1. Зоофразеологізми англійської мови.<br/>1.1. Зоофразеологізми: їх поняття та походження.<br/>1.2. Семантичні особливості англійських зоофразеологізмів.<br/>1.3. Використання переносного значення назв тварин у зоофразеологізмах.<br/>Розділ 2. Порівняльна характеристика англійських та українських фразеологізмів. <br/>2.1. Співставний аналіз зоофразеологічних одиниць.<br/>2.2. Фразеологізми про котів і собак.<br/>2.3. Порівняння фразеологізмів, що містять інші назви тварин.<br/>Розділ 3. Переклад зоофразеологізмів із творів О Генрі на українську мову.<br/>3.1. Загальні правила перекладу фразеологічних одиниць.<br/>3.2. Адекватні способи перекладу зоофразеологізмів у творах О’Генрі.<br/>3.3. Нові зоофразеологічні моделі у творах О’Генрі. |
| -- | Зоофразеологізми, фразеологічні одиниці |
| 650 ## - SUBJECT ADDED ENTRY--TOPICAL TERM | |
| Topical term or geographic name as entry element | Research Papers |
| 942 ## - ADDED ENTRY ELEMENTS (KOHA) | |
| Koha item type | Книги |
| Withdrawn status | Lost status | Source of classification or shelving scheme | Damaged status | Not for loan | Home library | Current library | Date acquired | Source of acquisition | Coded location qualifier | Cost, normal purchase price | Total Checkouts | Full call number | Barcode | Date last seen | Price effective from | Koha item type |
|---|---|---|---|---|---|---|---|---|---|---|---|---|---|---|---|---|
| Universal Decimal Classification | ВІЛ - Відділ іноземн. літератури НБ | ВІЛ - Відділ іноземн. літератури НБ | 13/10/2005 | Акт | В32 | 1.00 | 09 | 211137 | 20/12/2021 | 13/10/2005 | Книги |